000 00461nam a2200133Ia 4500
008 170221s9999 xx 000 0 und d
100 _aJun Song
245 _aAnalysis and Detection of S-Shaped NLFM Signal Based on Instantaneous Frequency
245 _cJun Song, Yue Gao, and Demin Gao
260 _bJournal of Communications
650 _xCommunication
650 _xMedia Arts
856 _uhttp://www.jocm.us/index.php?m=content&c=index&a=lists&catid=154
999 _c312670
_d312670